<?xml version="1.0" encoding="UTF-8"?>
<collection xmlns="http://www.loc.gov/MARC21/slim">
 <record>
  <leader>00518nam a22001695a 4500</leader>
  <controlfield tag="001">EHU.bham020057</controlfield>
  <controlfield tag="003">AR-BHAM</controlfield>
  <controlfield tag="005">20101202183320.0</controlfield>
  <controlfield tag="008">130507s1995##################000#0#####d</controlfield>
  <datafield tag="082" ind1="A" ind2="8">
   <subfield code="a">861.4</subfield>
  </datafield>
  <datafield tag="100" ind1="1" ind2=" ">
   <subfield code="a">Giorlandini, Eduardo</subfield>
  </datafield>
  <datafield tag="245" ind1="1" ind2="0">
   <subfield code="a">Poemas viejos y atorrantes /</subfield>
   <subfield code="c">Eduardo Giorlandini</subfield>
  </datafield>
  <datafield tag="260" ind1=" " ind2=" ">
   <subfield code="a">Buenos Aires :</subfield>
   <subfield code="b">Printex,</subfield>
   <subfield code="c">1995</subfield>
  </datafield>
  <datafield tag="300" ind1=" " ind2=" ">
   <subfield code="a">45 p.</subfield>
  </datafield>
  <datafield tag="500" ind1=" " ind2=" ">
   <subfield code="a">Ilustraciones De Roberto Selles</subfield>
  </datafield>
  <datafield tag="653" ind1=" " ind2=" ">
   <subfield code="a">Poesia argentina-1911-</subfield>
  </datafield>
  <datafield tag="859" ind1=" " ind2=" ">
   <subfield code="a">AR-BHAM</subfield>
   <subfield code="b">BIB. HUMANIDADES - General</subfield>
   <subfield code="h">A861.4</subfield>
   <subfield code="i">G437</subfield>
   <subfield code="k">A</subfield>
   <subfield code="p">71.96</subfield>
   <subfield code="t">Ej.1</subfield>
  </datafield>
 </record>
</collection>
